| 000 -CABECERA |
| fixed length control field |
01126nam a22002537a 4500 |
| 003 - IDENTIFICADOR DEL NÚMERO DE CONTROL |
| control field |
AR-CdUCM |
| 008 - DATOS DE LONGITUD FIJA--INFORMACIÓN GENERAL |
| fixed length control field |
190227b ||||| |||| 00| 0 spa d |
| 040 ## - FUENTE DE LA CATALOGACIÓN |
| Agencia/entidad que catalogó originalmente la obra |
MUNICIPALIDAD PROVINCIAL DEL CUSCO |
| Entidad que transcribió la catalogación |
BIBLIOTECA MUNICIPAL DEL CUSCO |
| 082 ## - NÚMERO DE LA CLASIFICACIÓN DECIMAL DEWEY |
| No. de Clasificación |
340.8 / |
| Notacion interna |
OS82 |
| 100 ## - ENTRADA PRINCIPAL--NOMBRE DE PERSONA |
| Nombre Personal |
Ossorio y Gallardo, Ángel |
| 245 ## - MENCIÓN DE TÍTULO |
| Título |
Cartas a una muchacha sobre temas de Derecho Civil / |
| Mención de responsabilidad |
Ossorio y Gallardo, Ángel |
| 260 ## - PUBLICACIÓN, DISTRIBUCIÓN, ETC. |
| Lugar de publicación, distribución, etc. |
Buenos Aires - Argentina: |
| Nombre de la editorial, distribuidor, etc. |
Editoriales Juridicas Europa - America , |
| Fecha de publicación, distribución, etc. |
1957. |
| 300 ## - DESCRIPCIÓN FÍSICA |
| Nº de Páginas Extensión |
177 paginas : |
| Dimensiones |
15.7 cm. |
| 440 ## - MENCIÓN DE SERIE/PUNTO DE ACCESO ADICIONAL--TÍTULO |
| Título |
Brevarios de Derecho |
| Número de la parte/sección de una obra |
5 |
| 9 (RLIN) |
6138 |
| 505 ## - NOTA DE CONTENIDO CON FORMATO |
| Nota de contenido formateada |
La base del Amor -- La indisolubilidad del Matrimonio -- Derechos y Obligaciones de los conyugues -- Patria Potestad -- Tutela -- Regimen de bienes en el matrimonio -- Testamento -- Herencia -- Propiedad -- Derecho Social -- La Accion Femenina... |
| 650 ## - PUNTO DE ACCESO ADICIONAL DE MATERIA--TÉRMINO DE MATERIA |
| Descriptor |
Derecho Social. |
| 9 (RLIN) |
6139 |
| 650 ## - PUNTO DE ACCESO ADICIONAL DE MATERIA--TÉRMINO DE MATERIA |
| Descriptor |
Patria Potestad. |
| 9 (RLIN) |
6140 |
| 650 ## - PUNTO DE ACCESO ADICIONAL DE MATERIA--TÉRMINO DE MATERIA |
| Descriptor |
Derecho Civil. |
| 9 (RLIN) |
5265 |
| 650 ## - PUNTO DE ACCESO ADICIONAL DE MATERIA--TÉRMINO DE MATERIA |
| Descriptor |
Feminismo. |
| 9 (RLIN) |
4003 |
| 650 ## - PUNTO DE ACCESO ADICIONAL DE MATERIA--TÉRMINO DE MATERIA |
| Descriptor |
Ideologia de Genero. |
| 9 (RLIN) |
6141 |
| 700 ## - PUNTO DE ACCESO ADICIONAL--NOMBRE DE PERSONA |
| Nombre Personal |
Ossorio y Gallardo, Ángel |
| 9 (RLIN) |
6137 |
| 942 ## - ELEMENTOS DE PUNTO DE ACCESO ADICIONAL (KOHA) |
| Fuente de clasificación |
|
| Tipo de item |
Libros-BMC |
| 945 ## - PROCESAMIENTO DE INFORMACIÓN LOCAL (OCLC) |
| Catalogador |
rtm |
| AAAA-MM-DD - Fecha de ingreso o modificacion |
2019-02-27 |